<?xml version="1.0" encoding="UTF-8"?>
<record
    xmlns:xsi="http://www.w3.org/2001/XMLSchema-instance"
    xsi:schemaLocation="http://www.loc.gov/MARC21/slim http://www.loc.gov/standards/marcxml/schema/MARC21slim.xsd"
    xmlns="http://www.loc.gov/MARC21/slim">

  <leader>02307nam1a22003131i 4500</leader>
  <controlfield tag="001">v19\rc\1427617</controlfield>
  <controlfield tag="005">20260407080512.0</controlfield>
  <datafield tag="035" ind1=" " ind2=" ">
    <subfield code="a">(NLR Aleph) 004675566</subfield>
  </datafield>
  <datafield tag="090" ind1=" " ind2=" ">
    <subfield code="a">3736588</subfield>
    <subfield code="c">3736588</subfield>
  </datafield>
  <datafield tag="100" ind1=" " ind2=" ">
    <subfield code="a">20060620g18581916k||b0rusy50      ca</subfield>
  </datafield>
  <datafield tag="101" ind1="0" ind2=" ">
    <subfield code="a">rus</subfield>
  </datafield>
  <datafield tag="102" ind1=" " ind2=" ">
    <subfield code="a">RU</subfield>
  </datafield>
  <datafield tag="105" ind1=" " ind2=" ">
    <subfield code="a">g |||||</subfield>
  </datafield>
  <datafield tag="200" ind1="1" ind2=" ">
    <subfield code="a">&#x41F;&#x430;&#x43C;&#x44F;&#x442;&#x43D;&#x430;&#x44F; &#x43A;&#x43D;&#x438;&#x436;&#x43A;&#x430; &#x421;&#x430;&#x440;&#x430;&#x442;&#x43E;&#x432;&#x441;&#x43A;&#x43E;&#x439; &#x433;&#x443;&#x431;&#x435;&#x440;&#x43D;&#x438;&#x438;...</subfield>
    <subfield code="f">[&#x421;&#x430;&#x440;&#x430;&#x442;&#x43E;&#x432;&#x441;&#x43A;&#x438;&#x439; &#x433;&#x443;&#x431;&#x435;&#x440;&#x43D;&#x441;&#x43A;&#x438;&#x439; &#x441;&#x442;&#x430;&#x442;&#x438;&#x441;&#x442;&#x438;&#x447;&#x435;&#x441;&#x43A;&#x438;&#x439; &#x43A;&#x43E;&#x43C;&#x438;&#x442;&#x435;&#x442;]</subfield>
  </datafield>
  <datafield tag="210" ind1=" " ind2=" ">
    <subfield code="a">&#x421;&#x430;&#x440;&#x430;&#x442;&#x43E;&#x432;</subfield>
    <subfield code="c">&#x442;&#x438;&#x43F;&#x43E;&#x433;&#x440;&#x430;&#x444;&#x438;&#x44F; &#x433;&#x443;&#x431;&#x435;&#x440;&#x43D;&#x441;&#x43A;&#x43E;&#x433;&#x43E; &#x43F;&#x440;&#x430;&#x432;&#x43B;&#x435;&#x43D;&#x438;&#x44F;</subfield>
    <subfield code="d">1858-1916</subfield>
  </datafield>
  <datafield tag="215" ind1=" " ind2=" ">
    <subfield code="d">17-25, 23&#x445;30</subfield>
  </datafield>
  <datafield tag="300" ind1=" " ind2=" ">
    <subfield code="a">&#x417;&#x430;&#x433;&#x43B;&#x430;&#x432;&#x438;&#x435; &#x43A;&#x430;&#x43B;&#x435;&#x43D;&#x434;&#x430;&#x440;&#x44F; &#x43D;&#x430; 1884, 1888, 1891, 1893, 1895, 1903: &#x410;&#x434;&#x440;&#x435;&#x441;-&#x43A;&#x430;&#x43B;&#x435;&#x43D;&#x434;&#x430;&#x440;&#x44C; &#x421;&#x430;&#x440;&#x430;&#x442;&#x43E;&#x432;&#x441;&#x43A;&#x43E;&#x439; &#x433;&#x443;&#x431;&#x435;&#x440;&#x43D;&#x438;&#x438;</subfield>
  </datafield>
  <datafield tag="306" ind1=" " ind2=" ">
    <subfield code="a">&#x412; &#x43F;&#x440;&#x438;&#x43C;&#x435;&#x447;&#x430;&#x43D;&#x438;&#x438; &#x43A; &#x43F;&#x435;&#x440;&#x435;&#x447;&#x43D;&#x44E; &#x438;&#x437;&#x434;&#x430;&#x43D;&#x438;&#x439; &#x433;&#x443;&#x431;. &#x441;&#x442;&#x430;&#x442;. &#x43A;&#x43E;&#x43C;&#x438;&#x442;&#x435;&#x442;&#x430; [&#x421;&#x442;&#x430;&#x442;&#x438;&#x441;&#x442;&#x438;&#x447;&#x435;&#x441;&#x43A;&#x438;&#x439; &#x441;&#x431;&#x43E;&#x440;&#x43D;&#x438;&#x43A; &#x421;&#x430;&#x440;&#x430;&#x442;&#x43E;&#x432;&#x441;&#x43A;&#x43E;&#x439; &#x433;&#x443;&#x431;&#x435;&#x440;&#x43D;&#x438;&#x438;, &#x441; &#x43E;&#x442;&#x447;&#x435;&#x442;&#x43E;&#x43C; &#x433;&#x443;&#x431;&#x435;&#x440;&#x43D;&#x441;&#x43A;&#x43E;&#x433;&#x43E; &#x441;&#x442;&#x430;&#x442;&#x438;&#x441;&#x442;&#x438;&#x447;&#x435;&#x441;&#x43A;&#x43E;&#x433;&#x43E; &#x43A;&#x43E;&#x43C;&#x438;&#x442;&#x435;&#x442;&#x430;, &#x437;&#x430; 1889 &#x433;&#x43E;&#x434;. - &#x421;&#x430;&#x440;&#x430;&#x442;&#x43E;&#x432;, 1890. - &#x421;. 37] &#x441;&#x43E;&#x43E;&#x431;&#x449;&#x430;&#x435;&#x442;&#x441;&#x44F;, &#x447;&#x442;&#x43E; "&#x43A;&#x43E;&#x43C;&#x438;&#x442;&#x435;&#x442;&#x43E;&#x43C; &#x438;&#x437;&#x434;&#x430;&#x43D;&#x44B; "&#x41F;&#x430;&#x43C;&#x44F;&#x442;&#x43D;&#x44B;&#x435; &#x43A;&#x43D;&#x438;&#x436;&#x43A;&#x438;" &#x43D;&#x430; 1858, 1859, 1860 &#x438; 1864 &#x433;&#x433;."</subfield>
    <subfield code="a">&#x41A;&#x430;&#x43B;&#x435;&#x43D;&#x434;&#x430;&#x440;&#x438; &#x43D;&#x430; 1861-1863, 1865, 1873-1879, 1885-1887, 1892, 1894, 1896-1897, 1899, 1905, 1908-1909, 1911, 1913, 1915 &#x433;&#x433;. &#x43D;&#x435; &#x438;&#x437;&#x434;&#x430;&#x432;&#x430;&#x43B;&#x438;&#x441;&#x44C;</subfield>
    <subfield code="a">&#x41E;&#x431; &#x438;&#x437;&#x434;&#x430;&#x43D;&#x438;&#x438; &#x43A;&#x430;&#x43B;&#x435;&#x43D;&#x434;&#x430;&#x440;&#x435;&#x439; &#x43D;&#x430; 1866, 1870-1871, 1917 &#x433;&#x433;. &#x43D;&#x435;&#x442; &#x441;&#x432;&#x435;&#x434;&#x435;&#x43D;&#x438;&#x439;</subfield>
    <subfield code="a">&#x424;&#x430;&#x43A;&#x442; &#x438;&#x437;&#x434;&#x430;&#x43D;&#x438;&#x44F; &#x43A;&#x430;&#x43B;&#x435;&#x43D;&#x434;&#x430;&#x440;&#x435;&#x439; &#x43D;&#x430; 1867-1869, 1881-1883, 1901, 1906 &#x433;&#x433;. &#x43D;&#x435; &#x443;&#x441;&#x442;&#x430;&#x43D;&#x43E;&#x432;&#x43B;&#x435;&#x43D;</subfield>
  </datafield>
  <datafield tag="517" ind1="1" ind2=" ">
    <subfield code="a">&#x410;&#x434;&#x440;&#x435;&#x441;-&#x43A;&#x430;&#x43B;&#x435;&#x43D;&#x434;&#x430;&#x440;&#x44C; &#x421;&#x430;&#x440;&#x430;&#x442;&#x43E;&#x432;&#x441;&#x43A;&#x43E;&#x439; &#x433;&#x443;&#x431;&#x435;&#x440;&#x43D;&#x438;&#x438;</subfield>
  </datafield>
  <datafield tag="606" ind1="1" ind2=" ">
    <subfield code="a">&#x414;&#x43E;&#x43B;&#x436;&#x43D;&#x43E;&#x441;&#x442;&#x43D;&#x44B;&#x435; &#x43B;&#x438;&#x446;&#x430;</subfield>
    <subfield code="x">&#x421;&#x43F;&#x438;&#x441;&#x43A;&#x438;</subfield>
    <subfield code="y">&#x421;&#x430;&#x440;&#x430;&#x442;&#x43E;&#x432;&#x441;&#x43A;&#x430;&#x44F; &#x433;&#x443;&#x431;&#x435;&#x440;&#x43D;&#x438;&#x44F;</subfield>
    <subfield code="9">2505255</subfield>
    <subfield code="3">RU\NLR\AUTH\661485576</subfield>
  </datafield>
  <datafield tag="607" ind1=" " ind2=" ">
    <subfield code="a">&#x421;&#x430;&#x440;&#x430;&#x442;&#x43E;&#x432;&#x441;&#x43A;&#x430;&#x44F; &#x433;&#x443;&#x431;&#x435;&#x440;&#x43D;&#x438;&#x44F;</subfield>
    <subfield code="9">1569766</subfield>
    <subfield code="3">RU\NLR\AUTH\66987350</subfield>
  </datafield>
  <datafield tag="686" ind1="0" ind2=" ">
    <subfield code="a">&#x422;3(2&#x420;-4&#x421;)52&#x44F;2</subfield>
    <subfield code="v">LBC/SL</subfield>
    <subfield code="2">rubbk</subfield>
  </datafield>
  <datafield tag="686" ind1="0" ind2=" ">
    <subfield code="a">&#x425;819(2)012&#x44F;2</subfield>
    <subfield code="v">LBC/SL</subfield>
    <subfield code="2">rubbk</subfield>
  </datafield>
  <datafield tag="712" ind1="0" ind2="2">
    <subfield code="4">650</subfield>
    <subfield code="a">&#x421;&#x430;&#x440;&#x430;&#x442;&#x43E;&#x432;&#x441;&#x43A;&#x438;&#x439; &#x433;&#x443;&#x431;&#x435;&#x440;&#x43D;&#x441;&#x43A;&#x438;&#x439; &#x441;&#x442;&#x430;&#x442;&#x438;&#x441;&#x442;&#x438;&#x447;&#x435;&#x441;&#x43A;&#x438;&#x439; &#x43A;&#x43E;&#x43C;&#x438;&#x442;&#x435;&#x442;</subfield>
    <subfield code="3">RU\NLR\AUTH\8810040873</subfield>
    <subfield code="9">580944</subfield>
  </datafield>
  <datafield tag="801" ind1=" " ind2="0">
    <subfield code="a">RU</subfield>
    <subfield code="b">NLR</subfield>
    <subfield code="g">psbo</subfield>
  </datafield>
  <datafield tag="801" ind1=" " ind2="1">
    <subfield code="a">RU</subfield>
    <subfield code="b">ProSoft-M</subfield>
    <subfield code="2">rusmarc</subfield>
  </datafield>
  <datafield tag="801" ind1=" " ind2="2">
    <subfield code="a">RU</subfield>
    <subfield code="b">NLR</subfield>
    <subfield code="c">20161117</subfield>
    <subfield code="2">rusmarc</subfield>
  </datafield>
  <datafield tag="852" ind1=" " ind2=" ">
    <subfield code="a">NLR</subfield>
    <subfield code="j">&#x421;595&#x421;&#x430;&#x440;/&#x41F;15</subfield>
  </datafield>
  <datafield tag="942" ind1=" " ind2=" ">
    <subfield code="c">BOOK</subfield>
  </datafield>
</record>
